Lattice-ordered groups : an introduction /
Guardado en:
| Autor Principal: | |
|---|---|
| Otros Autores: | |
| Formato: | Libro |
| Idioma: | English |
| Publicado: |
Dordrecht, Holland :
D. Reidel,
c1988.
|
| Series: | Reidel texts in the mathematical sciences
|
| Materias: | |
| Etiquetas: |
Agregar Etiqueta
Sin Etiquetas, Sea el primero en etiquetar este registro!
|
| LEADER | 00850pam a2200241 a 4500 | ||
|---|---|---|---|
| 001 | MAT.inmabb004042 | ||
| 008 | 871007s1988####ne#a#####b####001#0#eng## | ||
| 005 | 20130405154546.0 | ||
| 245 | 1 | 0 | |a Lattice-ordered groups : |b an introduction / |c by Marlow Anderson and Todd Feil. |
| 260 | |a Dordrecht, Holland : |b D. Reidel, |c c1988. | ||
| 300 | |a vii, 190 p. : |b il. ; |c 25 cm. | ||
| 440 | 0 | |a Reidel texts in the mathematical sciences | |
| 504 | |a Incluye referencias bibliográficas (p. 151-184) e índices. | ||
| 510 | 4 | |a MR, |c 90b:06001 | |
| 020 | |a 9027726434 | ||
| 100 | 1 | |a Anderson, Marlow, |d 1950- | |
| 700 | 1 | |a Feil, Todd, |d 1951- | |
| 650 | 0 | |a Lattice ordered groups. | |
| 084 | |a 06-02 (06F15) |2 msc2000 | ||
| 010 | |a 87028598 | ||
| 040 | |a DLC |c DLC |d DLC | ||
| 859 | |h 06 |i An545 |p A-7376 |b BIB. MATEMATICA | ||
| 859 | |h 06 |i An545 |p A-8310 |t Ej. 2 |b BIB. MATEMATICA | ||
